Sugar Bowl Game Participants - Statistics

General Stats
  • This quiz has been taken 48 times
  • The average score is 33 of 51
Answer Stats
# Year(s) Conf. Answer Record % Correct
17 1945, 1948, 1962, 1964, 19671974, 1976, 1978, 1979, 1980 1990, 1993, 2009, 2014, 2015 2018, 2023 SEC Alabama 10-7
97%
11 1947, 1969, 1977, 1981, 19821983, 2003, 2006, 2008, 2019 2020 SEC Georgia 5-6
97%
4 1973, 1976, 1979, 1983 Big Ten Penn State 1-3
97%
7 1941, 1943, 1952, 1957, 19711986, 1991 SEC Tennessee 4-3
97%
9 1966, 1975, 1992, 1994, 19951997, 2001, 2010, 2013 SEC Florida 3-6
93%
6 1989, 1995, 1997, 1998, 20002003 ACC Florida State 4-2
93%
13 1936, 1937, 1938, 1950, 19591960, 1965, 1968, 1985, 1987 2002, 2004, 2007 SEC LSU 6-7
93%
2 1984, 2012 Big Ten Michigan 1-1
93%
4 1948, 1958, 1996, 2019 Big 12 Texas 2-2
93%
6 1972, 1984, 1988, 1989, 20052017 SEC Auburn 2-3-1
90%
6 1978, 1998, 1999, 2011, 20152021 Big Ten Ohio State 4-2
90%
8 1949, 1950, 1951, 1972, 19732004, 2014, 2017 Big 12 Oklahoma 6-2
90%
10 1953, 1955, 1958, 1960, 19611963, 1964, 1970, 2016, 2022 SEC Ole Miss 6-4
90%
6 1962, 1963, 1969, 1970, 19802011 SEC Arkansas 1-5
87%
3 1959, 2018, 2021 ACC Clemson 0-3
87%
2 1940, 1999 SEC Texas A&M 1-1
87%
4 1974, 1981, 1992, 2007 Independent Notre Dame 2-2
83%
1 1991 ACC Virginia 0-1
80%
4 1996, 2000, 2005, 2012 ACC Virginia Tech 1-3
80%
3 1957, 2020, 2022 Big 12 Baylor 2-1
77%
4 1986, 1990, 1993, 2001 ACC Miami 2-2
77%
2 1942, 1966 SEC Missouri 1-1
73%
3 1956, 1977, 1982 ACC Pittsburgh 2-1
73%
2 1936, 1939 Big 12 TCU 2-0
73%
1 2023 Big 12 Kansas State 0-1
70%
1 1951 SEC Kentucky 1-0
70%
4 1967, 1975, 1985, 1987 Big Ten Nebraska 3-1
70%
2 1947, 1949 ACC North Carolina 0-2
70%
2 1946, 2016 Big 12 Oklahoma State 1-1
70%
4 1944, 1953, 1954, 1956 ACC Georgia Tech 4-0
67%
1 1945 ACC Duke 1-0
63%
1 1952 Big Ten Maryland 1-0
60%
1 2009 Pac-12 Utah 1-0
60%
3 1954, 1994, 2006 Big 12 West Virginia 1-2
57%
1 2002 Big Ten Illinois 0-1
50%
1 2013 ACC Louisville 1-0
50%
2 1965, 1988 ACC Syracuse 0-1-1
50%
1 1941 ACC Boston College 1-0
47%
1 2010 Big 12 Cincinnati 0-1
40%
1 1955 American Navy 1-0
40%
2 1935, 1940 American Tulane 1-1
37%
1 1961 American Rice 0-1
33%
1 2008 Mountain West Hawai'i 0-1
30%
1 1971 Mountain West Air Force 0-1
27%
2 1937, 1938 West Coast (Non-FB) Santa Clara 2-0
23%
1 1968 Mountain West Wyoming 0-1
23%
2 1943, 1944 American Tulsa 0-2
17%
1 1946 West Coast (Non-FB) St. Mary's 0-1
13%
1 1935 American Temple 0-1
13%
1 1942 Patriot (FCS) Fordham 1-0
10%
1 1939 Presidents' (DIII) Carnegie Tech 0-1
3%
No matching quizzes found
Score Distribution
Percent of People with Each Score
Percentile by Number Answered
Your Score History
You have not taken this quiz